<?xml version="1.0" encoding="UTF-8"?>
<resp>
  <nextPage>https://data.bn.org.pl/api/networks/bibs.marcxml?marc=001+b1000000374179&amp;sinceId=1000000374180</nextPage>
  <collection>
    <record xmlns='http://www.loc.gov/MARC21/slim'><leader>02095nkm a2200529 i 4500</leader><controlfield tag='001'>b1000000374179</controlfield><controlfield tag='005'>20260218090526.6</controlfield><controlfield tag='007'>kj#ao#</controlfield><controlfield tag='008'>190709s1711    xx nnn            anzxx  </controlfield><controlfield tag='009'>9910812860105606</controlfield><datafield ind1=' ' ind2=' ' tag='035'><subfield code='a'>(PL)b1000000374179</subfield></datafield><datafield ind1=' ' ind2=' ' tag='040'><subfield code='a'>WA N</subfield><subfield code='c'>WA N</subfield><subfield code='d'>WA N</subfield><subfield code='d'>KR U</subfield></datafield><datafield ind1=' ' ind2=' ' tag='046'><subfield code='k'>1711~</subfield><subfield code='2'>edtf</subfield></datafield><datafield ind1='0' ind2='0' tag='245'><subfield code='a'>Christianus S. E. Card. Dux Saxoniæ etc. et Episcopus Javarinensis.</subfield></datafield><datafield ind1=' ' ind2=' ' tag='260'><subfield code='c'>[nie po 1711].</subfield></datafield><datafield ind1=' ' ind2=' ' tag='300'><subfield code='a'>1 grafika :</subfield><subfield code='b'>miedzioryt ;</subfield><subfield code='c'>kompozycja 13,7 x 8,3 cm.</subfield></datafield><datafield ind1=' ' ind2=' ' tag='336'><subfield code='a'>Obraz</subfield><subfield code='b'>sti</subfield><subfield code='2'>rdacontent</subfield></datafield><datafield ind1=' ' ind2=' ' tag='337'><subfield code='a'>Bez urządzenia pośredniczącego</subfield><subfield code='b'>n</subfield><subfield code='2'>rdamedia</subfield></datafield><datafield ind1=' ' ind2=' ' tag='338'><subfield code='a'>Arkusz</subfield><subfield code='b'>nb</subfield><subfield code='2'>rdacarrier</subfield></datafield><datafield ind1=' ' ind2=' ' tag='380'><subfield code='a'>Grafiki</subfield></datafield><datafield ind1=' ' ind2=' ' tag='386'><subfield code='m'>Przynależność kulturowa</subfield><subfield code='a'>Grafika niemiecka</subfield></datafield><datafield ind1='1' ind2=' ' tag='388'><subfield code='a'>1701-1800</subfield></datafield><datafield ind1=' ' ind2=' ' tag='500'><subfield code='a'>Niesygnowana, przypisywana Martinowi Bernigerothowi.</subfield></datafield><datafield ind1=' ' ind2=' ' tag='500'><subfield code='a'>Tytuł pod kompozycją.</subfield></datafield><datafield ind1=' ' ind2=' ' tag='500'><subfield code='a'>Publikowana w: Die Europäische Fama, Welche den gegenwärtigen Zustand de vornehmsten Höfe entdecket, część 115, Lipsk 1711.</subfield></datafield><datafield ind1='1' ind2='7' tag='600'><subfield code='a'>Sachsen-Zeitz, Christian-August von</subfield><subfield code='d'>(1666-1725)</subfield><subfield code='2'>DBN</subfield></datafield><datafield ind1=' ' ind2='7' tag='648'><subfield code='a'>1601-1700</subfield><subfield code='2'>DBN</subfield></datafield><datafield ind1=' ' ind2='7' tag='648'><subfield code='a'>1701-1800</subfield><subfield code='2'>DBN</subfield></datafield><datafield ind1=' ' ind2='7' tag='650'><subfield code='a'>Kardynałowie</subfield><subfield code='2'>DBN</subfield></datafield><datafield ind1=' ' ind2='7' tag='651'><subfield code='a'>Niemcy</subfield><subfield code='2'>DBN</subfield></datafield><datafield ind1=' ' ind2='7' tag='655'><subfield code='a'>Miedzioryt</subfield><subfield code='2'>DBN</subfield></datafield><datafield ind1=' ' ind2='7' tag='655'><subfield code='a'>Portrety</subfield><subfield code='2'>DBN</subfield></datafield><datafield ind1=' ' ind2=' ' tag='852'><subfield code='b'>48OMNIS_NETWORK</subfield><subfield code='8'>9910812860105606</subfield></datafield><datafield ind1=' ' ind2=' ' tag='852'><subfield code='b'>48OMNIS_NLOP</subfield><subfield code='8'>991052547116805066</subfield></datafield><datafield ind1=' ' ind2=' ' tag='852'><subfield code='b'>48OMNIS_UJA</subfield><subfield code='8'>991017146827505067</subfield></datafield><datafield ind1=' ' ind2=' ' tag='852'><subfield code='8'>22591327820005066</subfield><subfield code='j'>1</subfield><subfield code='h'>G.30602/WAF.193</subfield><subfield code='b'>BN_PL</subfield><subfield code='p'>888a0248837</subfield><subfield code='c'>bikon</subfield><subfield code='z'>odbitka obcięta</subfield></datafield><datafield ind1=' ' ind2=' ' tag='852'><subfield code='8'>22591327790005066</subfield><subfield code='j'>0</subfield><subfield code='h'>Neg.14408</subfield><subfield code='b'>BN_PL</subfield><subfield code='p'>888a0248841</subfield><subfield code='c'>bamf</subfield></datafield><datafield ind1=' ' ind2=' ' tag='852'><subfield code='8'>22712315340005067</subfield><subfield code='j'>1</subfield><subfield code='h'>BJ Graf. I. 23346</subfield><subfield code='b'>BJ</subfield><subfield code='p'>1003573193</subfield><subfield code='c'>BJ_M_GRAF</subfield></datafield><datafield ind1=' ' ind2=' ' tag='950'><subfield code='u'>https://eu05.alma.exlibrisgroup.com/view/uresolver/48OMNIS_NETWORK/openurl?u.ignore_date_coverage=true&amp;portfolio_pid=53683020540005066&amp;Force_direct=true</subfield><subfield code='z'>Zobacz w Polonie sygnatura: G.30602/WAF.193</subfield><subfield code='8'>53683020540005066</subfield></datafield></record>
  </collection>
</resp>
